Statistics for World record holders in athletics (outdoors)

Click here to take the quiz!

General Stats

  • This quiz has been taken 47 times
  • The average score is 13 of 50

Answer Stats

HintAnswer% Correct
100m (men)Usain Bolt
100%
200m (men)Usain Bolt
100%
800m (men)David Rudisha
67%
400m (men)Wayde van Niekerk
50%
4x100m relay (men)Jamaica
46%
400m hurdles (men)Kevin Young
46%
Long jump (men)Mike Powell
42%
110m hurdles (men)Aries Merritt
38%
100m (women)Florence Griffith Joyner
38%
Triple jump (men)Jonathan Edwards
38%
1500m (men)Hicham El Guerrouj
33%
400m (women)Marita Koch
33%
Decathlon (men)Ashton Eaton
29%
200m (women)Florence Griffith Joyner
29%
High jump (men)Javier Sotomayor
29%
10000m (men)Kenenisa Bekele
29%
5000m (men)Kenenisa Bekele
29%
1500m (women)Genzebe Dibaba
25%
Mile (men)Hicham El Guerrouj
25%
Javelin throw (men)Jan Zelezny
25%
Marathon (women)Paula Radcliffe
25%
Shot put (men)Randy Barnes
25%
4x400m relay (men)United States of America
25%
Hammer throw (women)Anita Wlodarczyk
21%
4x100m relay (women)United States of America
21%
10000m (women)Almaz Ayana
17%
3000m steeplechase (women)Beatrice Chepkoech
17%
3000m (men)Daniel Komen
17%
Heptathlon (women)Jackie Joyner-Kersee
17%
800m (women)Jarmila Kratochvilova
17%
100m hurdles (women)Kendra Harrison
17%
Pole vault (men)Sergey Bubka
17%
High jump (women)Stefka Kostadinova
17%
5000m (women)Tirunesh Dibaba
17%
Pole vault (women)Yelena Isinbayeva
17%
Javelin throw (women)Barbora Spotakova
13%
Discus throw (men)Jürgen Schult
13%
1000m (men)Noah Ngeny
13%
4x400m (women)Soviet Union
13%
Hammer throw (men)Yuriy Sedykh
13%
Long jump (women)Galina Chistyakova
8%
Triple jump (women)Inessa Kravets
8%
3000m steeplechase (men)Saif Saaeed Shaheen
8%
1000m (women)Svetlana Masterkova
8%
3000m (women)Wang Junxia
8%
400m hurdles (women)Yuliya Pechonkina
8%
Marathon (men)Dennis Kipruto
4%
Discus throw (women)Gabriele Reinsch
4%
Shot put (women)Natalya Lisovskaya
4%
Mile (women)Svetlana Masterkova
4%

Score Distribution

Percentile by Number Answered

Percent of People with Each Score

Your Score History

You have not taken this quiz